Medina BC v Proberun Ltd (Record no. 28860)

MARC details
000 -LEADER
fixed length control field 01603cab a2200229 4500
001 - CONTROL NUMBER
control field ABS44146
008 - FIXED-LENGTH DATA ELEMENTS--GENERAL INFORMATION
fixed length control field 090401t1991 xxu||||| |||| 00| 0 eng d
035 ## - SYSTEM CONTROL NUMBER
System control number (Sirsi) u45537
041 ## - LANGUAGE CODE
Language code of text/sound track or separate title eng
245 ## - TITLE STATEMENT
Title Medina BC v Proberun Ltd
260 ## - PUBLICATION, DISTRIBUTION, ETC.
Date of publication, distribution, etc. 1991
350 ## - PRICE (NR) (BK AM CF MU VM SE) [OBSOLETE]
Price 0
490 ## - SERIES STATEMENT
Series statement Journal of Planning and Environment Law
Volume/sequential designation 1991 JPL 159-165(7)
520 ## - SUMMARY, ETC.
Summary, etc. CA 15 May 1990. The defendant (P) owned land on the Isle of Wight some distance from the nearest public highway . Existing access was a narrow unmade track. In January 1984 an application was made to renew planning permission granted in 1979 for residential development. In August 1987 outline planning permission was granted subject to conditions inter alia approval of details of access. In October 1987 application was made for approval of a means of access to the site. It was intended that a lane should be made up and surfaced to a uniform width and at its junction with the road splays would be provided. The position of the junction would not change. The County Surveyor claimed the junction would need reconstructing or the lane moving to enter the road at a different point. Either of these solutions would have required the acquisition of rights over land. P appealed but this was dismissed on the grounds that the proposed junction did not reach safety standards. The HC quashed the ins
650 ## - SUBJECT ADDED ENTRY--TOPICAL TERM
Topical term or geographic name entry element GRAMPIAN CONDITIONS
650 ## - SUBJECT ADDED ENTRY--TOPICAL TERM
Topical term or geographic name entry element GRAMPIAN RC V CITY OF ABERDEEN DC
650 ## - SUBJECT ADDED ENTRY--TOPICAL TERM
Topical term or geographic name entry element PLANNING CONDITIONS
650 ## - SUBJECT ADDED ENTRY--TOPICAL TERM
Topical term or geographic name entry element RESERVED MATTERS
690 ## - LOCAL SUBJECT ADDED ENTRY--TOPICAL TERM (OCLC, RLIN)
Topical term or geographic name as entry element PLANNING LAW AND PRACTICE-CASE LAW
942 ## - ADDED ENTRY ELEMENTS (KOHA)
Suppress in OPAC 0
948 ## - LOCAL PROCESSING INFORMATION (OCLC); SERIES PART DESIGNATOR (RLIN)
c (OCLC) 04/03/1997
Holdings
Withdrawn status Lost status Source of classification or shelving scheme Damaged status Not for loan Home library Current library Shelving location Date acquired Total Checkouts Full call number Barcode Date last seen Copy number Price effective from Koha item type
    Dewey Decimal Classification     London London Journal article 14/09/1999   ABS44146 45537-1001 06/08/2019 1 06/08/2019 Law report